[Event "Oberliga Ost-A 0809"]
[Site "Germany"]
[Date "2009.03.28"]
[Round "10.3"]
[White "Otto, Andreas"]
[Black "Kesik, Klaus Dieter"]
[Result "0-1"]
[WhiteElo "2188"]
[BlackElo "2265"]
[PlyCount "128"]
[EventDate "2008.10.12"]
[EventType "team-tourn"]
[EventRounds "11"]
[EventCountry "GER"]
[SourceTitle "EXT 2010"]
[Source "ChessBase"]
[SourceDate "2010.11.25"]
[SourceVersion "1"]
[SourceVersionDate "2010.11.25"]
[SourceQuality "1"]
[WhiteTeam "Leipzig Gohlis II"]
[BlackTeam "Hoyerswerda"]
[WhiteTeamCountry "GER"]
[BlackTeamCountry "GER"]

1. e4 Nf6 2. e5 Nd5 3. d4 d6 4. Nf3 Nb6 5. h3 g6 6. Nc3 Bg7 7. Bf4 0-0 8. Be2 Nc6 9. exd6 cxd6 10. 0-0 Bf5 11. Qd2 Rc8 12. Bh6 Nb4 13. Bxg7 Kxg7 14. Rac1 Nc4 15. Bxc4 Rxc4 16. a3 Na6 17. Nd5 Be4 18. Ne3 Rc7 19. Ng5 Bc6 20. d5 Bd7 21. Qd4+ f6 22. Rfe1 Kg8 23. Nf3 Qc8 24. c3 Nc5 25. Nd2 Na4 26. Rb1 b5 27. Nf3 a6 28. Qf4 Qe8 29. Nd4 Qf7 30. Qf3 f5 31. Nec2 Nb6 32. Ne6 Bxe6 33. dxe6 Qf6 34. Nd4 Nc4 35. Re2 Ne5 36. Qd5 f4 37. Nf3 Rc5 38. Qb7 Nxf3+ 39. Qxf3 Re5 40. Rbe1 Qxe6 41. Rxe5 dxe5 42. Qe4 Rf5 43. Rd1 f3 44. g3 Kg7 45. Rd5 Rh5 46. h4 Rf5 47. b3 Kh6 48. Qe3+ Kg7 49. Qe4 h5 50. c4 bxc4 51. bxc4 Kh7 52. Rd8 Rf7 53. Qa8 e4 54. Rh8+ Kg7 55. Rg8+ Kf6 56. Qb8 Qd6 57. Qb2+ Ke6 58. Rxg6+ Rf6 59. Rg5 Qd1+ 60. Kh2 e3 61. Qe5+ Kf7 62. Rf5 e2 63. Rxf6+ exf6 64. Qxh5+ Ke6 0-1

[Event "Oberliga Ost-A 0809"]
[Site "Germany"]
[Date "2009.01.18"]
[Round "5.3"]
[White "Neukirch, Detlef"]
[Black "Otto, Andreas"]
[Result "1-0"]
[WhiteElo "2276"]
[BlackElo "2188"]
[PlyCount "45"]
[EventDate "2008.10.12"]
[EventType "team-tourn"]
[EventRounds "11"]
[EventCountry "GER"]
[SourceTitle "EXT 2010"]
[Source "ChessBase"]
[SourceDate "2010.11.25"]
[SourceVersion "1"]
[SourceVersionDate "2010.11.25"]
[SourceQuality "1"]
[WhiteTeam "Halle USV"]
[BlackTeam "Leipzig Gohlis II"]
[WhiteTeamCountry "GER"]
[BlackTeamCountry "GER"]

1. e4 c5 2. Nf3 d6 3. d4 cxd4 4. Nxd4 Nf6 5. Nc3 g6 6. Bc4 Bg7 7. 0-0 0-0 8. h3 Nc6 9. Bb3 Bd7 10. Re1 Qa5 11. Be3 Rac8 12. Qe2 a6 13. Rad1 b5 14. Nd5 Rfe8 15. Nxc6 Rxc6 16. Qf3 Nxd5 17. Bxd5 Rxc2 18. Bxf7+ Kh8 19. Bxe8 Bxe8 20. e5 Bc6 21. Qf7 Qd8 22. exd6 e5 23. d7 1-0

[Event "Oberliga Ost-A 0809"]
[Site "Germany"]
[Date "2008.11.30"]
[Round "3.3"]
[White "Otto, Andreas"]
[Black "Darr, Sascha"]
[Result "0-1"]
[WhiteElo "2188"]
[BlackElo "2301"]
[PlyCount "72"]
[EventDate "2008.10.12"]
[EventType "team-tourn"]
[EventRounds "11"]
[EventCountry "GER"]
[SourceTitle "EXT 2010"]
[Source "ChessBase"]
[SourceDate "2010.11.25"]
[SourceVersion "1"]
[SourceVersionDate "2010.11.25"]
[SourceQuality "1"]
[WhiteTeam "Leipzig Gohlis II"]
[BlackTeam "Jena Jenapharm"]
[WhiteTeamCountry "GER"]
[BlackTeamCountry "GER"]

1. d4 Nf6 2. c4 g6 3. Nc3 Bg7 4. Nf3 0-0 5. g3 d6 6. Bg2 Nbd7 7. 0-0 e5 8. e4 Re8 9. Re1 exd4 10. Nxd4 a6 11. h3 Ne5 12. b3 c5 13. Nc2 Rb8 14. Bb2 Nc6 15. Qd2 Qc7 16. Rad1 Rd8 17. Nd5 Nxd5 18. Bxg7 Kxg7 19. exd5 Ne7 20. Qc3+ f6 21. Re2 Ng8 22. Rde1 Kf7 23. Kh2 Bd7 24. Qd2 Re8 25. Rxe8 Rxe8 26. Rxe8 Bxe8 27. h4 Qe7 28. Bh3 f5 29. h5 Nf6 30. hxg6+ hxg6 31. Ne1 Ne4 32. Qh6 Qf6 33. Qf4 Qg5 34. Qf3 Kf6 35. Ng2 Qd2 36. Kg1 Ng5 0-1

[Event "Oberliga Ost-A 0809"]
[Site "Germany"]
[Date "2008.11.29"]
[Round "2.3"]
[White "Hillmann, Michael"]
[Black "Otto, Andreas"]
[Result "0-1"]
[WhiteElo "2116"]
[BlackElo "2188"]
[PlyCount "84"]
[EventDate "2008.10.12"]
[EventType "team-tourn"]
[EventRounds "11"]
[EventCountry "GER"]
[SourceTitle "EXT 2010"]
[Source "ChessBase"]
[SourceDate "2010.11.25"]
[SourceVersion "1"]
[SourceVersionDate "2010.11.25"]
[SourceQuality "1"]
[WhiteTeam "Sangerhausen"]
[BlackTeam "Leipzig Gohlis II"]
[WhiteTeamCountry "GER"]
[BlackTeamCountry "GER"]

1. d4 Nf6 2. Bg5 d5 3. Bxf6 exf6 4. e3 Be6 5. Nd2 c6 6. Ne2 Bd6 7. Rc1 Nd7 8. c4 dxc4 9. Nxc4 Bxc4 10. Rxc4 Qa5+ 11. Qd2 Qxa2 12. Nc1 Qa1 13. Be2 Nb6 14. Rc2 Qa4 15. 0-0 0-0 16. Nd3 Qb3 17. Nc5 Bxc5 18. dxc5 Rfd8 19. Qc1 Nd7 20. Rd1 Nf8 21. Rcd2 Rxd2 22. Rxd2 Qe6 23. Rd6 Qe7 24. Qd2 Qe5 25. Qb4 Rb8 26. Qa3 a5 27. f4 Qe7 28. Kf2 Re8 29. Bc4 f5 30. Be2 Qh4+ 31. Kf3 Qxh2 32. Qxa5 Ng6 33. Kf2 Qh4+ 34. Kf3 Qe7 35. Qd2 h5 36. Kf2 h4 37. Bc4 h3 38. gxh3 Qe4 39. Be2 Nh4 40. Rd8 Qg2+ 41. Ke1 Qg1+ 42. Bf1 Nf3+ 0-1

[Event "Oberliga Ost-A 0708"]
[Site "Germany"]
[Date "2008.04.20"]
[Round "11.2"]
[White "Proehl, Holger"]
[Black "Otto, Andreas"]
[Result "1-0"]
[WhiteElo "2408"]
[BlackElo "2156"]
[PlyCount "93"]
[EventDate "2007.09.23"]
[EventType "team-tourn"]
[EventRounds "11"]
[EventCountry "GER"]
[SourceTitle "EXT 2009"]
[Source "ChessBase"]
[SourceDate "2008.11.26"]
[SourceVersion "1"]
[SourceVersionDate "2008.11.26"]
[SourceQuality "1"]
[WhiteTeam "Loeberitz"]
[BlackTeam "Leipzig Gohlis II"]
[WhiteTeamCountry "GER"]
[BlackTeamCountry "GER"]

1. e4 c5 2. c3 Nf6 3. e5 Nd5 4. g3 d6 5. exd6 Qxd6 6. Bg2 Nc6 7. Nf3 Qe6+ 8. Qe2 Qxe2+ 9. Kxe2 Bf5 10. d3 h6 11. Rd1 e6 12. Nbd2 Be7 13. Nc4 0-0 14. Nfe5 Nxe5 15. Nxe5 f6 16. Nc4 b6 17. Ne3 Nxe3 18. fxe3 Bg4+ 19. Bf3 Bxf3+ 20. Kxf3 f5 21. Ke2 Bf6 22. e4 h5 23. Be3 Kf7 24. a4 Rac8 25. Rd2 Rfd8 26. Rf1 g6 27. h3 Ke7 28. g4 hxg4 29. hxg4 fxe4 30. dxe4 Rxd2+ 31. Bxd2 Rh8 32. Bf4 Rh4 33. e5 Rxg4 34. exf6+ Kxf6 35. Bb8+ Ke7 36. Bxa7 Rxa4 37. Bxb6 Kd6 38. Rd1+ Kc6 39. Bd8 Rg4 40. Kf3 Ra4 41. Be7 Ra2 42. b4 cxb4 43. cxb4 Kb5 44. Bc5 Ra8 45. Rg1 Rg8 46. Rg5 Kc4 47. Ke4 1-0

[Event "Hamburg Junge op"]
[Site "Hamburg"]
[Date "2005.10.07"]
[Round "5"]
[White "Schmitten, Andre"]
[Black "Otto, Andreas"]
[Result "1-0"]
[WhiteElo "1812"]
[BlackElo "1606"]
[PlyCount "151"]
[EventDate "2005.10.01"]
[EventType "swiss"]
[EventRounds "9"]
[EventCountry "GER"]
[SourceTitle "CBM 108 Extra"]
[Source "ChessBase"]
[SourceDate "2005.11.04"]
[SourceVersion "1"]
[SourceVersionDate "2005.11.04"]
[SourceQuality "1"]

1. e4 Nf6 2. Nc3 d5 3. exd5 Nxd5 4. d4 Nxc3 5. bxc3 e6 6. Bd3 c5 7. Nf3 cxd4 8. cxd4 Nc6 9. c3 g6 10. 0-0 Bg7 11. Bg5 Qa5 12. Qd2 0-0 13. Rab1 f6 14. Rb5 Qc7 15. Bh6 a6 16. Bxg7 Qxg7 17. Rb6 a5 18. Rfb1 a4 19. Be4 Na5 20. Qe2 Rf7 21. d5 e5 22. c4 f5 23. Bc2 e4 24. Nd2 Qc3 25. Bxa4 Nxc4 26. Qxc4 Qxc4 27. Nxc4 Rxa4 28. Nd6 Rc7 29. Nxc8 Rxc8 30. Rxb7 Rxa2 31. Rd7 Rd2 32. h4 f4 33. Rbb7 e3 34. fxe3 f3 35. Rg7+ Kf8 36. Rbf7+ Ke8 37. Rxf3 Rxd5 38. Rxh7 Rc4 39. Rg3 Rc6 40. Rg7 Rdd6 41. Kh2 Kf8 42. Ra7 Re6 43. Rf3+ Kg8 44. Kg3 Re4 45. Ra8+ Kg7 46. Ra7+ Kg8 47. Ra3 Rce6 48. Kh3 Re8 49. g3 Kh7 50. Kg2 Rb4 51. Rf4 Rb2+ 52. Kf3 Rb1 53. e4 Rf1+ 54. Kg4 Re1 55. Ra4 Kh6 56. Kh3 Re5 57. g4 Rb5 58. Ra7 Re3+ 59. Kg2 Rb2+ 60. Kf1 Rb5 61. g5+ Rxg5 62. hxg5+ Kxg5 63. Raf7 Kh5 64. Kf2 Ra3 65. Kg2 g5 66. Rf3 Ra5 67. Kg3 Ra1 68. Kg2 Re1 69. Re7 Re2+ 70. Rf2 Re3 71. e5 Kg4 72. e6 Re5 73. Re8 Kh5 74. e7 Kg4 75. Kh2 Re6 76. Rg2+ 1-0